[Event "FRA-ch Youth U12 2019"]
[Site "Hyeres"]
[Date "2019.04.14"]
[Round "1.1"]
[White "Maurizzi, Marc Andria"]
[Black "Gachon, Alban"]
[Result "1-0"]
[WhiteElo "2276"]
[BlackElo "1543"]
[Annotator "NA"]
[PlyCount "107"]
[EventDate "2019.04.14"]
[EventType "swiss"]
[EventCountry "FRA"]
[SourceTitle "playchess.com"]
[Source "ChessBase"]
[SourceQuality "1"]
[TimeControl "5400+30"]

1. e4 {[%emt 0:00:00]} e5 {[%emt 0:00:00]} 2. Nf3 {[%emt 0:00:00]} Nc6 {[%emt 0:00:00]} 3. Bc4 {[%emt 0:00:00]} Bc5 {[%emt 0:00:33]} 4. O-O {[%emt 0:00:04]} Nf6 {[%emt 0:00:40]} 5. d3 {[%emt 0:00:14]} O-O {[%emt 0:00:59]} 6. c3 {[%emt 0:00:26]} d6 {[%emt 0:00:38]} 7. a4 {[%emt 0:01:06]} a5 {[%emt 0:00:33]} 8. Bg5 {[%emt 0:00:45]} Bg4 {[%emt 0:03:38]} 9. Nbd2 {[%emt 0:01:20]} h6 {[%emt 0:01:53]} 10. Bh4 {[%emt 0:00:11]} Bb6 {[%emt 0:06:01]} 11. h3 {[%emt 0:10:04]} Be6 {[%emt 0:02:26]} 12. Kh1 {[%emt 0:14:48]} Qe7 {[%emt 0:04:03]} 13. Bb3 {[%emt 0:11:37]} Rad8 {[%emt 0:03:04]} 14. Nc4 {[%emt 0:00:30]} Ba7 {[%emt 0:01:53]} 15. Ne3 {[%emt 0:01:27]} Bxe3 {[%emt 0:02:59]} 16. fxe3 {[%emt 0:00:43]} Nb8 {[%emt 0:01:17]} 17. d4 {[%emt 0:05:28]} Bxb3 {[%emt 0:01:51]} 18. Qxb3 {[%emt 0:00:04]} b6 {[%emt 0:00:16]} 19. Bxf6 {[%emt 0:01:02]} Qxf6 {[%emt 0:03:01]} 20. Nxe5 {[%emt 0:00:09]} Qe7 {[%emt 0:00:38]} 21. Ng6 {[%emt 0:00:23]} Qxe4 {[%emt 0:02:07]} 22. Nxf8 {[%emt 0:00:04]} Rxf8 {[%emt 0:00:09]} 23. Qc4 {[%emt 0:01:35]} c5 {[%emt 0:00:41]} 24. Rf3 {[%emt 0:01:45]} Nd7 {[%emt 0:00:43]} 25. Qb5 {[%emt 0:00:42]} Rd8 {[%emt 0:00:49]} 26. Raf1 {[%emt 0:00:17]} f6 {[%emt 0:00:19]} 27. dxc5 {[%emt 0:01:57]} Nxc5 {[%emt 0:00:46]} 28. Qxb6 {[%emt 0:00:10]} Nb7 {[%emt 0:00:24]} 29. Rf4 {[%emt 0:00:20]} Qd5 {[%emt 0:00:18]} 30. Rd4 {[%emt 0:01:03]} Qf7 {[%emt 0:00:23]} 31. b4 {[%emt 0:00:51]} axb4 {[%emt 0:00:27]} 32. cxb4 {[%emt 0:00:46]} Qd7 {[%emt 0:00:17]} 33. a5 {[%emt 0:00:15]} Ra8 {[%emt 0:01:13]} 34. a6 {[%emt 0:00:19]} Nd8 {[%emt 0:00:14]} 35. Rxd6 {[%emt 0:00:42]} Qe7 {[%emt 0:01:26]} 36. a7 {[%emt 0:01:08]} Nb7 {[%emt 0:00:45]} 37. Rc6 {[%emt 0:00:27]} Nd8 {[%emt 0:01:02]} 38. Rc7 {[%emt 0:00:08]} Qe4 {[%emt 0:00:45]} 39. Qb8 {[%emt 0:00:25]} Kh7 {[%emt 0:01:11]} 40. Rc8 {[%emt 0:00:10]} Qd3 {[%emt 0:01:38]} 41. Rg1 {[%emt 0:00:23]} Rxb8 {[%emt 0:00:49]} 42. axb8=Q {[%emt 0:00:14]} Ne6 {[%emt 0:00:24]} 43. Rh8+ {[%emt 0:00:12]} Kg6 {[%emt 0:00:05]} 44. Qe8+ {[%emt 0:00:05]} Kg5 {[%emt 0:00:09]} 45. Qxe6 {[%emt 0:00:07]} h5 {[%emt 0:00:29]} 46. h4+ {[%emt 0:00:18]} Kg6 {[%emt 0:00:24]} 47. Qe8+ {[%emt 0:00:13]} Kf5 {[%emt 0:00:15]} 48. g4+ {[%emt 0:00:25]} hxg4 {[%emt 0:00:27]} 49. Rh5+ {[%emt 0:00:04]} g5 {[%emt 0:00:06]} 50. Qc8+ {[%emt 0:01:02]} Kg6 {[%emt 0:01:02]} 51. Qxg4 {[%emt 0:00:19]} Qd5+ {[%emt 0:00:23]} 52. e4 {[%emt 0:00:07]} Qd3 {[%emt 0:00:32]} 53. Qf5+ {[%emt 0:00:16]} Kg7 {[%emt 0:00:21]} 54. Rgxg5+ {[%emt 0:49:50]} 1-0

[Event "FRA-ch Youth U12 2019"]
[Site "Hyeres"]
[Date "2019.04.14"]
[Round "1.2"]
[White "Dimey-Gabert, Quentin"]
[Black "Bat, Bilguun"]
[Result "0-1"]
[WhiteElo "1540"]
[BlackElo "2163"]
[Annotator "NA"]
[PlyCount "104"]
[EventDate "2019.04.14"]
[EventType "swiss"]
[EventCountry "FRA"]
[SourceTitle "playchess.com"]
[Source "ChessBase"]
[SourceQuality "1"]
[TimeControl "5400+30"]

1. d4 {[%emt 0:00:00]} Nf6 {[%emt 0:00:00]} 2. c4 {[%emt 0:00:00]} e6 {[%emt 0:00:00]} 3. Nc3 {[%emt 0:00:00]} Bb4 {[%emt 0:00:07]} 4. e3 {[%emt 0:00:00]} O-O {[%emt 0:00:13]} 5. a3 {[%emt 0:00:00]} Bxc3+ {[%emt 0:00:07]} 6. bxc3 {[%emt 0:00:00]} c5 {[%emt 0:01:00]} 7. Bd3 {[%emt 0:00:05]} Nc6 {[%emt 0:00:24]} 8. Ne2 {[%emt 0:00:10]} d5 {[%emt 0:01:10]} 9. O-O {[%emt 0:01:32]} a6 {[%emt 0:00:54]} 10. cxd5 {[%emt 0:03:38]} exd5 {[%emt 0:00:29]} 11. Ng3 {[%emt 0:01:55]} Re8 {[%emt 0:10:43]} 12. Re1 {[%emt 0:03:10]} cxd4 {[%emt 0:04:12]} 13. cxd4 {[%emt 0:00:10]} Be6 {[%emt 0:01:06]} 14. Bd2 {[%emt 0:04:02]} b5 {[%emt 0:06:39]} 15. Bb4 {[%emt 0:00:42]} Na5 {[%emt 0:02:52]} 16. Bxa5 {[%emt 0:04:37]} Qxa5 {[%emt 0:00:26]} 17. Qb3 {[%emt 0:00:51]} Rac8 {[%emt 0:01:48]} 18. Qb4 {[%emt 0:00:55]} Qc7 {[%emt 0:01:11]} 19. Ne2 {[%emt 0:01:14]} Bg4 {[%emt 0:04:26]} 20. Rac1 {[%emt 0:02:26]} Qd7 {[%emt 0:01:53]} 21. Nf4 {[%emt 0:00:24]} Bf5 {[%emt 0:06:55]} 22. Bxf5 {[%emt 0:01:39]} Qxf5 {[%emt 0:03:16]} 23. Rxc8 {[%emt 0:00:49]} Qxc8 {[%emt 0:02:20]} 24. Nd3 {[%emt 0:01:10]} Qf5 {[%emt 0:04:40]} 25. Nc5 {[%emt 0:01:47]} h6 {[%emt 0:04:05]} 26. Nxa6 {[%emt 0:00:56]} Ng4 {[%emt 0:01:37]} 27. Qd2 {[%emt 0:00:23]} Ra8 {[%emt 0:06:21]} 28. Nc7 {[%emt 0:00:45]} Rc8 {[%emt 0:00:43]} 29. Rc1 {[%emt 0:01:18]} Qd7 {[%emt 0:12:07]} 30. Nxb5 {[%emt 0:05:38]} Ra8 {[%emt 0:07:03]} 31. Qe2 {[%emt 0:01:15]} Nf6 {[%emt 0:01:12]} 32. Ra1 {[%emt 0:00:40]} Ra4 {[%emt 0:01:09]} 33. Nc3 {[%emt 0:00:56]} Rc4 {[%emt 0:00:11]} 34. Nd1 {[%emt 0:01:18]} Qc6 {[%emt 0:00:36]} 35. Qe1 {[%emt 0:00:51]} Ne4 {[%emt 0:04:23]} 36. f3 {[%emt 0:00:37]} Ng5 {[%emt 0:01:45]} 37. Nb2 {[%emt 0:00:23]} Rc2 {[%emt 0:00:11]} 38. Nd3 {[%emt 0:00:03]} Qg6 {[%emt 0:00:39]} 39. Qf1 {[%emt 0:01:19]} Nh3+ {[%emt 0:01:56]} 40. Kh1 {[%emt 0:02:14]} Qxd3 {[%emt 0:00:15]} 41. gxh3 {[%emt 0:00:12]} Qd2 {[%emt 0:04:00]} 42. Qg1 {[%emt 0:01:02]} Qe2 {[%emt 0:00:32]} 43. Rf1 {[%emt 0:00:28]} Ra2 {[%emt 0:00:21]} 44. a4 {[%emt 0:02:47]} Rxa4 {[%emt 0:01:05]} 45. Qf2 {[%emt 0:02:15]} Qd3 {[%emt 0:00:46]} 46. Re1 {[%emt 0:01:25]} Rc4 {[%emt 0:00:45]} 47. Qe2 {[%emt 0:00:31]} Qb3 {[%emt 0:01:07]} 48. Rd1 {[%emt 0:00:50]} Rc2 {[%emt 0:00:23]} 49. Rd2 {[%emt 0:00:29]} Qb1+ {[%emt 0:00:26]} 50. Kg2 {[%emt 0:00:08]} Rc1 {[%emt 0:00:12]} 51. Qf2 {[%emt 0:00:10]} Rc6 {[%emt 0:00:46]} 52. h4 {[%emt 0:00:17]} Rg6+ {[%emt 0:00:05]} 0-1

[Event "FRA-ch Youth U12 2019"]
[Site "Hyeres"]
[Date "2019.04.14"]
[Round "1.3"]
[White "Makkar, Rajat"]
[Black "Pitaval, Lubin"]
[Result "1-0"]
[WhiteElo "2147"]
[BlackElo "1540"]
[Annotator "NA"]
[PlyCount "51"]
[EventDate "2019.04.14"]
[EventType "swiss"]
[EventCountry "FRA"]
[SourceTitle "playchess.com"]
[Source "ChessBase"]
[SourceQuality "1"]
[TimeControl "5400+30"]

1. d4 {[%emt 0:00:00]} f5 {[%emt 0:00:00]} 2. Nc3 {[%emt 0:00:00]} Nf6 {[%emt 0:00:14]} 3. Bg5 {[%emt 0:00:24]} e6 {[%emt 0:00:36]} 4. e4 {[%emt 0:00:23]} fxe4 {[%emt 0:01:58]} 5. Nxe4 {[%emt 0:00:23]} Be7 {[%emt 0:00:42]} 6. Bxf6 {[%emt 0:00:21]} Bxf6 {[%emt 0:00:46]} 7. Nf3 {[%emt 0:00:43]} O-O {[%emt 0:04:46]} 8. Bd3 {[%emt 0:01:15]} Nc6 {[%emt 0:02:58]} 9. c3 {[%emt 0:01:04]} b6 {[%emt 0:01:43]} 10. Qc2 {[%emt 0:01:11]} g6 {[%emt 0:03:01]} 11. h4 {[%emt 0:01:16]} d5 {[%emt 0:01:27]} 12. Neg5 {[%emt 0:03:04]} e5 {[%emt 0:08:37]} 13. Bxg6 {[%emt 0:00:49]} e4 {[%emt 0:04:08]} 14. Bxh7+ {[%emt 0:01:28]} Kg7 {[%emt 0:00:52]} 15. O-O-O {[%emt 0:03:00]} Ne7 {[%emt 0:03:58]} 16. Ne5 {[%emt 0:05:40]} Bxg5+ {[%emt 0:03:57]} 17. hxg5 {[%emt 0:02:03]} Rh8 {[%emt 0:02:28]} 18. g6 {[%emt 0:00:20]} Be6 {[%emt 0:03:50]} 19. Qd2 {[%emt 0:02:13]} Ng8 {[%emt 0:06:02]} 20. Bxg8 {[%emt 1:14:23]} Qxg8 {[%emt 0:00:17]} 21. Qg5 {[%emt 0:00:00]} Re8 {[%emt 0:01:01]} 22. Rh7+ {[%emt 0:00:00]} Rxh7 {[%emt 0:03:43]} 23. gxh7+ {[%emt 0:00:00]} Kf8 {[%emt 0:01:03]} 24. hxg8=Q+ {[%emt 0:00:00]} Bxg8 {[%emt 0:00:11]} 25. Qf6+ {[%emt 0:00:00]} Bf7 {[%emt 0:00:10]} 26. Qxf7# {[%emt 0:00:00]} 1-0

[Event "FRA-ch Youth U12 2019"]
[Site "Hyeres"]
[Date "2019.04.14"]
[Round "1.4"]
[White "Menoux, Joachim"]
[Black "Mekhane, Adam"]
[Result "0-1"]
[WhiteElo "1537"]
[BlackElo "1995"]
[Annotator "NA"]
[PlyCount "64"]
[EventDate "2019.04.14"]
[EventType "swiss"]
[EventCountry "FRA"]
[SourceTitle "playchess.com"]
[Source "ChessBase"]
[SourceQuality "1"]
[TimeControl "5400+30"]

1. Nf3 {[%emt 0:00:00]} Nf6 {[%emt 0:00:00]} 2. g3 {[%emt 0:00:24]} g6 {[%emt 0:00:14]} 3. Bg2 {[%emt 0:00:30]} Bg7 {[%emt 0:00:06]} 4. O-O {[%emt 0:00:30]} O-O {[%emt 0:00:09]} 5. d4 {[%emt 0:00:26]} d5 {[%emt 0:04:19]} 6. c4 {[%emt 0:01:01]} dxc4 {[%emt 0:01:51]} 7. Bf4 {[%emt 0:00:50]} c5 {[%emt 0:08:42]} 8. Qc2 {[%emt 0:03:03]} cxd4 {[%emt 0:02:46]} 9. Qxc4 {[%emt 0:00:30]} Nc6 {[%emt 0:01:00]} 10. Rd1 {[%emt 0:00:21]} Qb6 {[%emt 0:05:08]} 11. Nbd2 {[%emt 0:09:45]} Be6 {[%emt 0:09:00]} 12. Qc2 {[%emt 0:03:24]} Nd5 {[%emt 0:04:20]} 13. Nc4 {[%emt 0:06:14]} Qc5 {[%emt 0:05:01]} 14. Rac1 {[%emt 0:02:10]} Nxf4 {[%emt 0:05:14]} 15. gxf4 {[%emt 0:00:03]} Nb4 {[%emt 0:01:07]} 16. Qd2 {[%emt 0:01:18]} Nxa2 {[%emt 0:01:21]} 17. Rc2 {[%emt 0:08:40]} Bxc4 {[%emt 0:01:48]} 18. b3 {[%emt 0:00:34]} Nc3 {[%emt 0:01:34]} 19. bxc4 {[%emt 0:01:21]} Nxd1 {[%emt 0:02:20]} 20. Qxd1 {[%emt 0:00:06]} a5 {[%emt 0:01:34]} 21. Ne5 {[%emt 0:00:45]} Bxe5 {[%emt 0:00:58]} 22. fxe5 {[%emt 0:00:09]} Ra7 {[%emt 0:00:08]} 23. Rb2 {[%emt 0:02:44]} a4 {[%emt 0:00:39]} 24. Rxb7 {[%emt 0:00:25]} Rxb7 {[%emt 0:00:08]} 25. Bxb7 {[%emt 0:00:07]} Qxc4 {[%emt 0:00:46]} 26. Be4 {[%emt 0:02:05]} a3 {[%emt 0:02:08]} 27. Qa1 {[%emt 0:00:50]} Qc3 {[%emt 0:01:01]} 28. Qb1 {[%emt 0:04:35]} Qb2 {[%emt 0:00:36]} 29. Kf1 {[%emt 0:00:18]} Qxb1+ {[%emt 0:00:07]} 30. Bxb1 {[%emt 0:00:02]} Rc8 {[%emt 0:00:04]} 31. Ba2 {[%emt 0:00:35]} Rc1+ {[%emt 0:00:04]} 32. Kg2 {[%emt 0:00:06]} Rc2 {[%emt 0:00:03]} 0-1

[Event "FRA-ch Youth U12 2019"]
[Site "Hyeres"]
[Date "2019.04.15"]
[Round "2.1"]
[White "Ebrard-Dulac, Leopold"]
[Black "Maurizzi, Marc Andria"]
[Result "0-1"]
[WhiteElo "1641"]
[BlackElo "2276"]
[Annotator "TA"]
[PlyCount "64"]
[EventDate "2019.04.14"]
[EventType "swiss"]
[EventCountry "FRA"]
[SourceTitle "playchess.com"]
[Source "ChessBase"]
[SourceQuality "1"]

{[%evp 11,64,-15,-7,-18,-22,-18,-23,-28,14,-1,19,-10,37,23,27,26,27,22,23,17,30,21,36,38,31,0,0,0,0,0,2,-89,-81,-298,-296,-263,-261,-833,-808,-738,-250,-253,-244,-243,-260,-247,-245,-259,-241,-260,-231,-286,-279,-364,-335]} 1. e4 c5 2. Nc3 Nc6 3. f4 g6 4. Bb5 Bg7 5. Nf3 Nd4 6. Bd3 d6 7. O-O {B23: Closed Sicilian: Lines without g3} (7. Nxd4 cxd4 8. Ne2 Nf6 9. O-O O-O 10. c3 dxc3 11. Nxc3 d5 12. e5 Ne4 13. Qe2 Nc5 14. b3 f6 15. Bc2 fxe5 16. fxe5 Rxf1+ 17. Kxf1 {0-1 (50) Paehtz,E (2485)-Hou,Y (2673) Beijing 2014}) 7... Bg4 8. Be2 Bxf3 9. Bxf3 {Black has an edge.} Nf6 $146 ({Predecessor:} 9... Rb8 10. Ne2 Nxf3+ 11. Rxf3 Nf6 12. d3 O-O 13. h3 b5 14. g4 b4 {1-0 (41) Matousek,P-Kalod,R (2440) Czechia 1999}) 10. d3 O-O 11. Ne2 Nd7 12. Nxd4 cxd4 13. Bd2 Rc8 14. Bg4 Rc6 15. Rc1 e6 16. f5 exf5 17. exf5 Ne5 18. fxg6 hxg6 19. Bf3 Nxf3+ 20. Rxf3 Qc7 21. Rh3 (21. Rf2 $11) 21... Rc8 $17 {[%cal Rc6c2]} 22. Bh6 $2 {[#]} (22. Rf3 $17) 22... Rxc2 $19 23. Rxc2 Qxc2 24. Qe1 $2 (24. Qxc2 Rxc2 25. Bxg7 Kxg7 26. b4) 24... Bxh6 25. Rxh6 Qc1 $2 {[#]} (25... Kg7 26. Rxg6+ Kxg6 27. Qe4+ Kf6 28. Qh4+ Kf5 29. Qe4+ Kf6 30. Qh4+ Ke6 31. Qe4+ Kd7) 26. Qxc1 Rxc1+ {[%mdl 4096] Endgame KR-KR} 27. Kf2 Rc2+ 28. Kf3 Rxb2 29. Rh4 Rxa2 30. Rxd4 Ra6 31. h4 b5 32. g4 Rb6 {Accuracy: White = 27%, Black = 78%.} 0-1

[Event "FRA-ch Youth U12 2019"]
[Site "Hyeres"]
[Date "2019.04.15"]
[Round "2.2"]
[White "Bat, Bilguun"]
[Black "Pertuy, Noe"]
[Result "1-0"]
[WhiteElo "2163"]
[BlackElo "1636"]
[Annotator "TA"]
[PlyCount "29"]
[EventDate "2019.04.14"]
[EventType "swiss"]
[EventCountry "FRA"]
[SourceTitle "playchess.com"]
[Source "ChessBase"]
[SourceQuality "1"]

{[%evp 9,29,36,85,78,70,81,537,530,595,599,600,603,584,566,657,659,735,641,653,604,1061,1060]} 1. d4 d5 2. Nf3 Nc6 3. e3 Bg4 4. Bb5 e6 (4... Qd7 5. c4 a6 6. Qa4 Bxf3 7. gxf3 e6 8. cxd5 exd5 9. Bxc6 bxc6 10. Nc3 g6 11. Bd2 Bg7 12. Ne2 {½-½ (66) Alekseev,E (2622)-Lugovskoy,M (2474) St Petersburg 2017}) 5. c4 a6 {[#]} 6. Bxc6+ $1 {D02: 1 d4 d5 2 Nf3 sidelines, including 2...Nf6 3 g3 and 2...Nf6 3 Bf4} bxc6 7. Qa4 Qd7 $146 {[%mdl 8192]} (7... Ne7 $16 {is more resistant.}) ({Predecessor:} 7... Bxf3 8. Qxc6+ Ke7 9. gxf3 Kf6 10. e4 Bb4+ 11. Ke2 g6 12. cxd5 {1-0 (24) Schulz,G (1735)-Liphardt,B (1899) Binz 2015}) 8. Ne5 $1 $18 {[%csl LRc6,LRd7,LRg4][%mdl 64] Double Attack. White is clearly winning.} Qc8 {and the idea ...Bh5 leaves Black hopeful.} 9. Qxc6+ {[%mdl 64] Double Attack} Ke7 10. Nxg4 f6 11. h3 Qd8 12. Nc3 dxc4 13. Qxc4 Kf7 14. d5 exd5 15. Nxd5 1-0

[Event "FRA-ch Youth U12 2019"]
[Site "Hyeres"]
[Date "2019.04.15"]
[Round "2.3"]
[White "Ge, Arthur"]
[Black "Makkar, Rajat"]
[Result "0-1"]
[WhiteElo "1633"]
[BlackElo "2147"]
[Annotator "TA"]
[PlyCount "60"]
[EventDate "2019.04.14"]
[EventType "swiss"]
[EventCountry "FRA"]
[SourceTitle "playchess.com"]
[Source "ChessBase"]
[SourceQuality "1"]

{[%evp 23,60,0,34,0,146,19,51,52,43,30,50,-8,0,0,0,-13,18,0,27,-112,-111,-127,-132,-111,-113,-966,-966,-1368,-1292,-1293,-1281,-5381,-5381,-5379,-5377,-5357,-5357,-29990,-29991]} 1. e4 e5 2. Nf3 Nc6 3. d4 exd4 4. Bc4 Bc5 5. c3 Nf6 6. cxd4 Bb4+ 7. Bd2 Nxe4 8. Bxb4 Nxb4 9. Bxf7+ Kxf7 10. Qb3+ d5 11. Ne5+ {C54: Giuoco Piano: 4 c3 Nf6, main lines with 5 d4 and 5 d3} Ke6 12. Qxb4 c5 {LiveBook: 6 Games} (12... Qf8 13. Qxf8 Rxf8 14. f3 Ng5 15. Nc3 c6 16. h4 Nf7 17. Nd3 Kd6 18. Kf2 Nd8 {½-½ (55) Hou,Y (2673)-Aronian,L (2797) Wijk aan Zee 2015 CBM 165 [CB]}) 13. Qa4 {White is slightly better.} Qf6 (13... Qb6 $11 14. Qa3 cxd4) 14. Nf3 (14. O-O $16) 14... Rf8 $146 ({Predecessor:} 14... Bd7 15. Qd1 cxd4 16. Nxd4+ Kd6 17. O-O Rhf8 18. f3 Ng5 19. Nc3 a6 20. f4 Ne6 21. Ndb5+ Kc6 22. Qxd5+ Kb6 {1-0 (22) Misigaiski,S (1506)-Holst,S (1020) Greifswald 2003}) 15. O-O Kf7 16. Qb3 Be6 17. Rd1 ({White should try} 17. Nc3 $14 b6 18. dxc5 (18. Nxd5 Qd8 $15)) 17... cxd4 18. Rxd4 Kg8 19. Qe3 Rad8 20. Nbd2 Bg4 21. Rf1 {[#]} (21. Nxe4 $11 dxe4 22. Rxd8 Rxd8 23. Qxe4 Bxf3 24. gxf3) 21... Nxd2 $1 $17 22. Qxd2 Bxf3 23. gxf3 Qxf3 24. Qg5 $2 {[%mdl 8192] [#]} (24. Qd1 $17) 24... Rd6 $1 $19 25. Rg4 Rg6 26. Qxg6 hxg6 27. Rxg6 Rf4 28. Rg3 Rg4 29. Rc1 Rxg3+ 30. fxg3 Qe3+ {Precision: White = 13%, Black = 49%.} 0-1

[Event "FRA-ch Youth U12 2019"]
[Site "Hyeres"]
[Date "2019.04.15"]
[Round "2.4"]
[White "Mekhane, Adam"]
[Black "Volkov, Andreiy"]
[Result "1-0"]
[WhiteElo "1995"]
[BlackElo "1628"]
[Annotator "NA RC"]
[PlyCount "59"]
[EventDate "2019.04.14"]
[EventType "swiss"]
[EventCountry "FRA"]
[SourceTitle "playchess.com"]
[Source "ChessBase"]
[SourceQuality "1"]
[TimeControl "5400+30"]

{[%evp 8,59,16,41,35,49,32767,51,32767,32767,7,32767,56,63,45,32767,67,70,76,84,115,102,95,65,93,77,137,69,104,98,238,195,205,221,198,213,189,201,591,672,631,682,699,680,608,764,884,940,932,1064,1220,1561,1083,2495]} 1. e4 {[%emt 0:00:00]} c5 {[%emt 0:00:00]} 2. Nf3 {[%emt 0:00:00]} Nc6 {[%emt 0:00:00]} 3. d4 {[%emt 0:00:00]} cxd4 {[%emt 0:00:00]} 4. Nxd4 {[%emt 0:00:00]} g6 {[%emt 0:00:00]} 5. c4 {[%emt 0:00:01]} Bg7 {[%emt 0:00:00]} 6. Be3 {[%emt 0:00:43]} Nf6 {[%emt 0:01:00]} 7. Nc3 {[%emt 0:00:06]} O-O {[%emt 0:00:07]} 8. Nc2 {[%emt 0:02:30]} d6 {[%emt 0:03:04]} 9. Be2 {[%emt 0:01:27]} Bd7 {[%emt 0:04:37]} 10. O-O {[%emt 0:00:53]} Rc8 {[%emt 0:04:43]} 11. f3 {[%emt 1:29:50]} b6 {[%emt 0:10:43] B38: Sicilian: Maroczy Bind with 5...Bg7 and 7...0-0} (11... a6 12. Qd2 Ne5 13. Na3 Re8 14. Rab1 Qc7 15. Rfc1 Qa5 16. Rc2 {½-½ (16) Bacrot,E (2695)-Gharamian,T (2672) Belfort 2012}) 12. Qd2 {[%emt 0:00:00]} Ne5 {[%emt 0:02:47]} 13. b3 {[%emt 0:00:00]} Ne8 {[%emt 0:09:08]} 14. Rac1 {[%emt 0:00:00]} Nc7 $146 {[%emt 0:02:17]} ({Predecessor:} 14... f5 15. exf5 gxf5 16. Rfe1 Kh8 17. Nd4 Ng6 18. Bf1 f4 19. Bf2 Nc7 {1-0 (41) Baum,B (2314)-Schneider,A (2088) Marianske Lazne 2018}) 15. Nb4 {[%emt 0:00:00]} Nc6 {[%emt 0:05:41]} 16. Nbd5 {[%emt 0:00:00]} Nxd5 {[%emt 0:03:04]} 17. Nxd5 {[%emt 0:00:00]} Ne5 {[%emt 0:01:46]} 18. f4 {[%emt 0:00:00]} Ng4 {[%emt 0:03:34] [#]} (18... Nc6 $16 {keeps fighting.}) 19. Bxg4 $1 {[%emt 0:00:00]} Bxg4 {[%emt 0:00:06] [#]} 20. f5 $1 {[%emt 0:00:00]} e6 {[%emt 0:00:17]} 21. f6 {[%emt 0:00:00]} exd5 {[%emt 0:01:46]} 22. fxg7 {[%emt 0:00:00]} Kxg7 $2 {[%emt 0:00:18]} (22... Re8 {is more resistant.}) 23. Bh6+ {[%emt 0:00:00]} Kg8 {[%emt 0:01:46]} 24. Qd4 {[%emt 0:00:00]} f6 {[%emt 0:00:53]} 25. Bxf8 {[%emt 0:00:00]} Qxf8 {[%emt 0:00:06]} 26. Rxf6 {[%emt 0:00:00]} Qg7 {[%emt 0:00:06]} 27. Qxd5+ {[%emt 0:00:00]} Kh8 {[%emt 0:00:12]} 28. Rcf1 {[%emt 0:00:00]} Rd8 {[%emt 0:02:44]} 29. Rxd6 {[%emt 0:00:00]} Rxd6 {[%emt 0:00:09]} 30. Qxd6 $18 {[%emt 0:00:00]} 1-0

[Event "FRA-ch Youth U12 2019"]
[Site "Hyeres"]
[Date "2019.04.15"]
[Round "3.1"]
[White "Maurizzi, Marc Andria"]
[Black "Strasser, Rouben"]
[Result "1-0"]
[WhiteElo "2276"]
[BlackElo "1611"]
[Annotator "TA"]
[PlyCount "63"]
[EventDate "2019.04.14"]
[EventType "swiss"]
[EventCountry "FRA"]
[SourceTitle "playchess.com"]
[Source "ChessBase"]
[SourceQuality "1"]

{[%evp 17,63,29,42,-32,108,29,95,100,198,186,197,218,224,217,250,210,189,189,304,298,311,291,352,251,533,589,884,871,824,807,29989,29990,29990,29991,29991,29972,29971,29973,29973,29974,29973,29973,29973,29974,29996,29997,29998,29999]} 1. e4 c5 2. Nc3 Nc6 3. Bb5 g6 4. Bxc6 bxc6 5. d3 Bg7 6. f4 d6 7. Nf3 Nf6 8. O-O O-O 9. Qe1 Ne8 10. f5 {B23: Closed Sicilian: Lines without g3} (10. Rb1 $14) (10. Qh4 f6 11. Be3 a5 12. b3 Nc7 13. Rae1 Bd7 14. Re2 e5 15. fxe5 fxe5 16. Bg5 Qe8 17. Ref2 Ne6 {1-0 (50) Predke,A (2599)-Hirneise,J (2372) Lorca 2017}) 10... e6 (10... gxf5 $15 {stays ahead.} 11. Qh4 f6) 11. fxe6 (11. fxg6 $1 $16 fxg6 12. e5) 11... fxe6 {[#]} (11... Bxe6 $11 12. Rb1 f5) 12. e5 $1 $16 {White is better.} d5 (12... c4 $16) 13. Na4 $18 c4 14. Bg5 $146 ({Predecessor:} 14. d4 Rb8 15. Bg5 Qc7 16. Qh4 Bh8 17. Bd8 Qg7 {1-0 (27) Laurenti,S (1937)-Rombaldoni,A (2137) Bratto 2005}) 14... Qc7 15. d4 a5 16. Nc5 Ra7 17. Qh4 Qb8 (17... Rf5 {was necessary.} 18. g4 (18. Bd8 Qb8 $16) 18... Rf8) 18. b3 cxb3 19. axb3 Qb6 20. Bd2 ({Don't play} 20. Bd8 Qb4 $18) 20... Nc7 $2 (20... Rf5 21. b4 Bf8 22. bxa5 (22. Rxa5 Be7 $18) 22... Qc7) 21. Ng5 {[%csl Gg5][%cal Rh4h7]} h6 22. Rxf8+ Bxf8 23. Rf1 {Threatening mate with Rxf8+!} hxg5 {[#]} 24. Rxf8+ $1 {[%mdl 512] White mates.} Kxf8 25. Qh8+ Kf7 26. Qf6+ Kg8 27. Qxg6+ Kf8 28. Qf6+ Kg8 29. Qxg5+ Kf8 30. Qh6+ Kf7 31. Qh7+ Ke8 32. Qg8+ {Accuracy: White = 64%, Black = 12%.} 1-0

[Event "FRA-ch Youth U12 2019"]
[Site "Hyeres"]
[Date "2019.04.15"]
[Round "3.2"]
[White "Deblock, Kien"]
[Black "Bat, Bilguun"]
[Result "0-1"]
[WhiteElo "1642"]
[BlackElo "2163"]
[Annotator "NA"]
[PlyCount "60"]
[EventDate "2019.04.14"]
[EventType "swiss"]
[EventCountry "FRA"]
[SourceTitle "playchess.com"]
[Source "ChessBase"]
[SourceQuality "1"]
[TimeControl "5400+30"]

1. e4 {[%emt 0:00:00]} c5 {[%emt 0:00:00]} 2. c3 {[%emt 0:00:00]} d5 {[%emt 0:00:03]} 3. exd5 {[%emt 0:00:00]} Nf6 {[%emt 0:00:17]} 4. d4 {[%emt 0:00:19]} Qxd5 {[%emt 0:00:14]} 5. Nf3 {[%emt 0:00:06]} Bg4 {[%emt 0:00:18]} 6. Be2 {[%emt 0:00:46]} Nc6 {[%emt 0:01:13]} 7. Be3 {[%emt 0:01:16]} e6 {[%emt 1:31:25]} 8. dxc5 {[%emt 0:00:39]} Qxd1+ {[%emt 0:00:00]} 9. Bxd1 {[%emt 0:00:06]} Nd5 {[%emt 0:00:00]} 10. Bd4 {[%emt 0:00:59]} Nf4 {[%emt 0:00:00]} 11. O-O {[%emt 0:00:54]} Rd8 {[%emt 0:00:00]} 12. Nbd2 {[%emt 0:03:04]} Be7 {[%emt 0:00:00]} 13. b4 {[%emt 0:06:55]} O-O {[%emt 0:00:00]} 14. Nb3 $14 {[%emt 0:15:32]} Nd5 {[%emt 0:00:00]} 15. b5 {[%emt 0:02:18]} Nxd4 {[%emt 0:00:00]} 16. cxd4 {[%emt 0:00:10]} Bf5 {[%emt 0:00:00]} 17. Be2 {[%emt 0:07:44]} g5 {[%emt 0:00:00]} 18. Rfc1 {[%emt 0:05:20]} g4 {[%emt 0:00:00]} 19. Ne5 {[%emt 0:00:49]} Nf4 {[%emt 0:00:00]} 20. Bd1 {[%emt 0:01:53]} h5 {[%emt 0:00:00]} 21. a4 {[%emt 0:09:19]} f6 {[%emt 0:00:00]} 22. Nc4 {[%emt 0:00:39]} Be4 {[%emt 0:00:00]} 23. g3 {[%emt 0:03:34]} Nh3+ {[%emt 0:00:00]} 24. Kf1 {[%emt 0:00:06]} f5 {[%emt 0:00:00]} 25. Bc2 {[%emt 0:03:40]} Bd5 {[%emt 0:00:00]} 26. Bd3 {[%emt 0:01:38]} f4 {[%emt 0:00:00]} 27. Rc2 {[%emt 0:00:45]} fxg3 {[%emt 0:00:00]} 28. hxg3 {[%emt 0:00:38]} Rf3 {[%emt 0:00:00]} 29. Rd1 {[%emt 0:01:33]} Rdf8 {[%emt 0:00:00]} 30. Rdd2 {[%emt 0:01:02]} Rxg3 {[%emt 0:00:00]} 0-1